| 000 | 01411nam0a22003731 4500 | ||
|---|---|---|---|
| 001 | RU\NLR\A1SV\43927 | ||
| 005 | 20251203171251.9 | ||
| 035 | _a(NLR Aleph) 009726100 | ||
| 090 |
_a9891474 _c9891474 |
||
| 100 | _a20020916d1922 u y0rusy50 ca | ||
| 101 | 0 | _arus | |
| 102 | _aRU | ||
| 200 | 1 |
_aГосударственное содействие развитию товарного оборота _eОбзор деятельности Упр. регулирования торговли ВСНХ по 1 июля 1922 г. _fСост. учен. секретарем Сов. по делам торговли М.М.Жирмунским _gПод ред. и с предисл. нач. У.Р.Т. проф. Е.С.Каратыгина _gВСНХ |
|
| 210 |
_aМ. _cУРТ ВСНХ _d1922 |
||
| 215 |
_a80 с. _d23 см |
||
| 300 | _aНа правах рукоп. | ||
| 620 | _dМосква | ||
| 700 | 1 |
_aЖирмунский _bМ. М. _f1895-1974 _gМихаил Матвеевич _4070 |
|
| 702 | 1 |
_aКаратыгин _bЕ. С. _f1872-1930 _gЕвгений Сергеевич _4070 |
|
| 801 | 0 |
_aRU _bNLR _c20020916 |
|
| 852 |
_aNLR _j34/2502 |
||
| 899 | _aГПИБ | ||
| 899 | _aГОПБ | ||
| 899 | _aГАРФ | ||
| 899 | _aРКП | ||
| 899 | _aРГБ | ||
| 899 | _aБАН | ||
| 899 | _aНБ Бел. | ||
| 899 | _aNLG | ||
| 899 | _aСПбГУ | ||
| 942 | _cBOOK | ||
| 980 | _aNB | ||
| 980 | _aA1SV | ||